01005nam a2200253 i 4500001000700000003000900007005001700016007000300033008004100036080002700077080001600104100003200120245003300152250003000185260003600215300004600251600003600297651004200333852002200375852009000397999001900487952012300506952012200629121933ES-MaACL20251201163629.0t|070214s1965 sp cf |||| |bspa d a929 Prim y Prats, Juan a94(460)"18"1 aPoch Noguer, José.99269610aPrim / cJosé Poch Noguer. a1ª ed. en Colección Z. aBarcelona : bJuventud, c1965. a204 p., [8] p. de lám. retr. ; c18 cm.14aPrim, Juan, d1814-18709242561 7aEspaña-xHistoria-yS.XIX29142005 aES-MaACLjC-28908 aES-MaACLjL-31679 z. - Donat. herederos de la bibl. de Mª del Pilar Costa Palacín c121933d121933 00104070aATENEOMbATENEOMcDEPO2d2017-06-01eDONl0oL-31679p1197688r2023-02-23 00:00:00w2023-02-23yMONOGRAFIA 00104070aATENEOMbATENEOMcDEPO2d2008-01-17eSCl0oC-28908p1127069r2023-02-23 00:00:00w2023-02-23yMONOGRAFIA